JetPunk Quiz Languages In 1 Minute - Statistics

General Stats
  • This quiz has been taken 31 times
  • The average score is 7 of 9
Answer Stats
Hint Answer % Correct
A Spanish
100%
L English
92%
N French
88%
G German
88%
U Italian
88%
G Polish
73%
A Dutch
65%
E Portuguese
54%
S Finnish
31%
No matching quizzes found
Score Distribution
Percent of People with Each Score
Percentile by Number Answered
Your Score History
You have not taken this quiz